| 000 | 01015nam a22003137a 4500 | ||
|---|---|---|---|
| 001 | 8792 | ||
| 003 | FISKH | ||
| 005 | 20251021095925.0 | ||
| 008 | 251021b cb ||||| |||| 00| 0 eng d | ||
| 020 | _a0060267399 | ||
| 040 |
_aFISKH _beng _cFISKH _dFISKH |
||
| 050 | _a PZ7.Y44 C | ||
| 082 | _a813.54 | ||
| 100 | _aYep, Laurence | ||
| 245 |
_aChild of the owl / _cBy Laurence Yep |
||
| 250 | _aFirst Harper Trophy edition, 1990. | ||
| 260 |
_aNew York : _bHarperTrophy , _c1977. |
||
| 300 |
_a216 pages : _billustrations ; _c20 cm . |
||
| 490 |
_aGolden Mountain Chronicles _v7 |
||
| 505 | _aZ | ||
| 520 | _aA twelve-year-old girl who knows little about her Chinese heritage is sent to live with her grandmother in San Francisco's Chinatown. | ||
| 521 | 8 |
_a920
_bLexile |
|
| 521 | 8 |
_aZ
_bRaz-Plus |
|
| 650 |
_aChinese Americans- California- San Francisco _vFiction |
||
| 650 |
_aSan Francisco _vFiction |
||
| 650 |
_aGrandmothers _vFiction |
||
| 942 |
_2ddc _cBK _n0 |
||
| 999 |
_c8792 _d8792 |
||